Platform Based Design at the Electronic System Level (Record no. 226118)

MARC details
000 -LEADER
fixed length control field 00552nam a2200133Ia 4500
008 - FIXED-LENGTH DATA ELEMENTS--GENERAL INFORMATION
fixed length control field 231221s9999 xx 000 0 und d
020 ## - INTERNATIONAL STANDARD BOOK NUMBER
International Standard Book Number 978-1-4020-5138-8
041 ## - LANGUAGE CODE
Language code of text/sound track or separate title English
100 ## - MAIN ENTRY--PERSONAL NAME
Personal name Mark Burton, Adam Morawiec
245 #0 - TITLE STATEMENT
Title Platform Based Design at the Electronic System Level
260 ## - PUBLICATION, DISTRIBUTION, ETC.
Date of publication, distribution, etc. 2006
Name of publisher, distributor, etc. Springer Netherlands
Place of publication, distribution, etc. New York
650 ## - SUBJECT ADDED ENTRY--TOPICAL TERM
Topical term or geographic name entry element Circuits and Systems; Computer System Implementation; Computer Hardware; Register-Transfer-Level Implementation; Simulation and Modeling; Special Purpose and Application-Based Systems
942 ## - ADDED ENTRY ELEMENTS (KOHA)
Koha item type E-Books
Holdings
Date last seen Total checkouts Accession number Uniform resource identifier Price effective from Category Lost status Damaged status Department Withdrawn status Home library Current library Shelving location Entry date Billnumber Currency symbol Conversion rate Discount Old discount
26/01/2024   EB8538 http://link.springer.com/openurl?genre=book&isbn=978-1-4020-5137-1 26/01/2024 E-Books     Central Library   Central Library Central Library Central Library   19189 RS 1    

© For any Suggestions or Query, please contact the library staff @ librarian@pes.edu or Phone: +9180 2672 1983/ 2108.